00828cam a22002172 4500001001100000005001700011008004100028020001700069040001500086050001700101245009400118260005300212300001700265650004400282650004400326650006500370650006600435650003800501700004000539700003100579000000571020151217152004.0070622s xx 000 0 eng d a0754609170 : aKABUcKABU 0aZ679.7b.D5710aDisaster management for libraries and archives /cedited by Graham Mathews, John Feather. aAldershot, England :bAshgate publishing,c2003. axvii, 236 p. 0aLibrariesxSafety measures.@0000156910 0aArchives xSafety measures.@0000156911 0aLibrary materialsxConservation and restoration.@0000156912 0aArchival materialsxConservation and restoration.@0000156913 0aEmergency management.@00001550261 aMathews, Graham,d1953.@00001569141 aFeather, John.@0000156677